| Tag |
First Indicator |
Second Indicator |
Subfields |
| LEADER |
00000cam a2200000 4500 |
| 001 |
in00000774513 |
| 005 |
20151017064122.0 |
| 008 |
770804s1853 enk 00010 engm |
| 010 |
|
|
|a 46042396
|
| 035 |
|
|
|a (OCoLC)03161892
|
| 035 |
|
|
|9 ADN3577AM
|
| 040 |
|
|
|a DLC
|c SUC
|d SUC
|d m.c.
|d TXA
|d UtOrBLW
|
| 049 |
1 |
|
|a TXA1 [ARNO]
|
| 050 |
0 |
0 |
|a PR4020
|b .A2 1853
|
| 100 |
1 |
|
|a Arnold, Matthew,
|d 1822-1888.
|
| 245 |
1 |
0 |
|a Poems /
|c By Matthew Arnold.
|
| 250 |
|
|
|a A new ed.
|
| 264 |
|
1 |
|a London :
|b Longman, Brown, Green, and Longmans,
|c 1853.
|
| 300 |
|
|
|a xxxv, 248 pages ;
|c 18 cm.
|
| 336 |
|
|
|a text
|b txt
|2 rdacontent
|
| 337 |
|
|
|a unmediated
|b n
|2 rdamedia
|
| 338 |
|
|
|a volume
|b nc
|2 rdacarrier
|
| 500 |
|
|
|a First Collected edition of Arnold's poems. cf. Smart, T.B. Bibl. of Matthew Arnold, page 4.
|
| 999 |
|
|
|a MARS
|
| 999 |
f |
f |
|s 782bb3f7-ebf0-369e-ad5a-8ec9b88db062
|i 9879e675-a41b-3b12-9bee-f498f2c09926
|t 0
|
| 952 |
f |
f |
|p noncirc
|a Texas A&M University
|b College Station
|c Cushing Memorial Library & Archives
|d Cushing: Literature/Arnold (Does not check out)
|t 0
|e PR4020 .A2 1853
|h Library of Congress classification
|i unmediated -- volume
|
| 998 |
f |
f |
|a PR4020 .A2 1853
|t 0
|l Cushing: Literature/Arnold (Does not check out)
|